000 00564nam a2200217 a 4500
001 BRL_588
005 20190320210819.0
008 060913s1969----nyu#######---#000-0#eng-#
041 _aeng
044 _anyu
050 4 _aPZ3
_b.C47 1969
100 1 _aChristie, Agatha
_99260
245 1 0 _aThey came to Baghdad
_cAgatha Christie.
260 _aNueva York
_bDell Publishing Co., INC.
_c1969
300 _a221 p.
_c18 cm.
500 _aAu655
650 1 4 _aNovela policiaca
_923905
651 4 _aBaghdad (Irak)
_xFicción
_924368
902 _aGRL
942 _2lcc
_cB
999 _c9400
_d9400